| 000 | 01012cam a22003137a 4500 | ||
|---|---|---|---|
| 003 | CHAP | ||
| 005 | 20220329134026.0 | ||
| 008 | 971013s1945 r 00010 d | ||
| 010 | _a14290 | ||
| 011 | _a15262 | ||
| 035 | _a19337 | ||
| 040 | _cCHAP | ||
| 082 |
_a631.46 _bG55 |
||
| 100 | 0 | 0 |
_aGilman, Joseph Charles. _948048 |
| 245 | 1 | 2 | _aA manual of soil fungi |
| 260 |
_aAmes : _bIowa State College, _c1945 |
||
| 300 |
_a389 p. _b: ilus. |
||
| 590 |
_aBATCH-UPD _b10 _c20130110 _lUCH01 _h0006 |
||
| 590 |
_aBATCH-UPD _b10 _c20130110 _lUCH01 _h2022 |
||
| 590 |
_aBATCH-UPD _b10 _c20130410 _lUCH01 _h1340 |
||
| 590 |
_aBATCH-UPD _b10 _c20130914 _lUCH01 _h1543 |
||
| 590 |
_aCONVERSION _b10 _c20130109 _lUCH01 _h1309 |
||
| 650 | 1 | 4 |
_aSuelos _xMicrobiologĂa. _9110434 |
| 901 | _aBK | ||
| 942 | _cLIBRO | ||
| 949 |
_a631.46 G55 _bBC _cLIBRO _d-44990 _eLIBRO _h21579 _i19337 _si |
||
| 949 |
_a631.46 G55 _bBC _cLIBRO _d-44991 _eLIBRO _fc.2 _h21580 _i19337 _si |
||
| 949 |
_a631.46 G55 _bBC _cLIBRO _d-44992 _eLIBRO _fc.3 _h51692 _i19337 _si |
||
| 999 |
_c14290 _d14290 |
||